00622nam a2200193Ia 450000500170000000800410001704000190005804100120007708200160008910000190010524500630012426000410018730000260022844000360025450400730029065000330036370000220039685000100041820221213121713.0131103s9999 xx 000 0 und d aLoreto College aEnglish a812.52bONE aO'Neill,Eugene 4aThe Later plays of Eugene O'Neillcedited by Travis Bogard aNew YorkbThe Modern Librarycc 1967 axxxii,409 p.b illus. aModern Library College Editions aAb,Wilderness!/A touch of the poet/Hughie/A Moon for the Misbegotten aAmerican Drama - Collections aBogard,Travis,ed. aLCLIB